Statistics for Parts of an Animal Cell with a Map

Click here to take the quiz!

General Stats

  • This quiz has been taken 891 times
  • The average score is 8 of 24

Answers on the Map

Answers color-coded by a green-red scale on the quiz's map according to % correct below.
Loading ...
 

Answer Stats

% Correct
Nucleus
94%
Mitochondria
90%
Plasma membrane
73%
Ribosomes
67%
Golgi apparatus
57%
Cytosol
56%
Rough endoplasmic reticulum
41%
Lysosomes
40%
Nucleolus
39%
Smooth endoplasmic reticulum
39%
Vacuole
35%
Nuclear envelope
25%
Centrosome
19%
Cilia / Flagella
19%
Chromatin
16%
Vesicle
15%
Cytoskeleton
14%
Nuclear pore
12%
Microtubules
11%
Peroxisomes
9%
Microfilaments
9%
Nucleoplasm
7%
Microvilli
6%
Intermediate filaments
5%

Score Distribution

Percentile by Number Answered

Percent of People with Each Score

Your Score History

You have not taken this quiz